| 000 | 00000nas##2200000za#4500 |
| 001 | 9.507109 |
| 003 | CaOODSP |
| 005 | 20250319160015 |
| 007 | cr ||||||||||| |
| 008 | 150406c1999||||xxc|| p o||||f| |0eng|d |
| 022 | |a1707-8474 |
| 040 | |aCaOODSP|beng |
| 043 | |an-cn--- |
| 086 | 1 |aR1-48E-PDF |
| 110 | 1 |aCanada. |bIndian and Northern Affairs Canada. |
| 245 | 10|aFirst Nations national reporting guide |h[electronic resource] |
| 260 | |aOttawa - Ontario : |bIndian and Northern Affairs |
| 310 | |aAnnual |
| 362 | 1 |a1999/2000-2005/2006 |
| 690 | 07|aIndigenous governments|2gcpds |
| 690 | 07|aFunding|2gcpds |
| 775 | 08|tGuide national de présentations des rapports des Premières Nations |w(CaOODSP)9.503502 |